Catálogo

Metodología jurídica / (Registro nro. 49737)

Detalles MARC
000 -LEADER
fixed length control field 00930cam a2200289 i 4500
001 - CONTROL NUMBER
control field 49737
003 - CONTROL NUMBER IDENTIFIER
control field Mx-PuUPA
005 - DATE AND TIME OF LATEST TRANSACTION
control field 20230811142754.0
008 - FIXED-LENGTH DATA ELEMENTS--GENERAL INFORMATION
fixed length control field 140415s2002 mx d gr 000 0 spa d
020 ## - INTERNATIONAL STANDARD BOOK NUMBER
International Standard Book Number 9701038312
040 ## - CATALOGING SOURCE
Original cataloging agency Mx-PuUPA
Language of cataloging spa
Transcribing agency Mx-PuUPA
Modifying agency Mx-PuUPA
Description conventions rda
041 0# - LANGUAGE CODE
Language code of text/sound track or separate title spa
100 1# - MAIN ENTRY--PERSONAL NAME
Personal name Witker, Jorge
9 (RLIN) 1574
Relator term autor
245 10 - TITLE STATEMENT
Title Metodología jurídica /
Statement of responsibility, etc. Jorge Witker Velázquez, Rogelio Larios Velasco
250 ## - EDITION STATEMENT
Edition statement Segunda edición
264 #1 - PRODUCTION, PUBLICATION, DISTRIBUTION, MANUFACTURE, AND COPYRIGHT NOTICE
Place of production, publication, distribution, manufacture México, D.F. :
Name of producer, publisher, distributor, manufacturer McGraw-Hill Interamericana Editores,
Date of production, publication, distribution, manufacture, or copyright notice 2002
300 ## - PHYSICAL DESCRIPTION
Extent 260 páginas :
Other physical details diagramas ;
Dimensions 25 cm
336 ## - CONTENT TYPE
Fuente rdacontent
Content type term texto
Content type code txt
337 ## - MEDIA TYPE
Source rdamedia
Media type term sin medio
Media type code n
338 ## - CARRIER TYPE
Source rdacarrier
Carrier type term volumen
Carrier type code nc
490 0# - SERIES STATEMENT
Series statement Serie Juridica
650 #7 - SUBJECT ADDED ENTRY--TOPICAL TERM
Topical term or geographic name entry element Derecho
General subdivision Metodología
Source of heading or term armarc
700 1# - ADDED ENTRY--PERSONAL NAME
Personal name Larios Velasco, Rogelio,
Relator term autor
942 ## - ADDED ENTRY ELEMENTS (KOHA)
Source of classification or shelving scheme Dewey Decimal Classification
Koha item type Libro
Classification part 340.1
Item part W815
Existencias
Withdrawn status Lost status Source of classification or shelving scheme Damaged status Not for loan Collection code Home library Current library Shelving location Date acquired Source of acquisition Total Checkouts Full call number Barcode Date last seen Copy number Price effective from Koha item type Total Renewals Date last checked out
    Dewey Decimal Classification     General Biblioteca Karol Wojtyla Biblioteca Karol Wojtyla Sala general 03/12/2013 Compra   340.1 W815 2002 74335 05/01/2026 Ej.3 03/12/2013 Libro    
    Dewey Decimal Classification     General Biblioteca Karol Wojtyla Biblioteca Karol Wojtyla Sala general 03/12/2013 Compra 1 340.1 W815 2002 74337 05/01/2026 Ej.4 03/12/2013 Libro 1 30/05/2023
    Dewey Decimal Classification     General Biblioteca Karol Wojtyla Biblioteca Karol Wojtyla Sala general 03/12/2013 Donación   340.1 W815 2002 46929 05/01/2026   03/12/2013 Libro    
    Dewey Decimal Classification     General Biblioteca Karol Wojtyla Biblioteca Karol Wojtyla Sala general 03/12/2013 Compra   340.1 W815 2002 74336 05/01/2026 Ej.2 03/12/2013 Libro    
    Dewey Decimal Classification     General Tehuacán Tehuacán Sala general 03/12/2013 Compra   340.1 504966 16/04/2024   03/12/2013 Libro    
    Dewey Decimal Classification     General Tehuacán Tehuacán Sala general 03/12/2013 Compra   340.1 W815 2002 968000001579 16/04/2024   03/12/2013 Libro   01/06/2015